000 00773nam a2200181Ia 4500
008 090124s9999 xx 000 0 und d
082 _b24999
_a2635
100 _aभोळे भास्कर लक्ष्मण
245 _a यशवंतराव चव्हाण राजकारण आणि साहित्य
250 _a1
260 _c1986
300 _a151
600 _aभोळे भास्कर लक्ष्मण
630 _a यशवंतराव चव्हाण राजकारण आणि साहित्य
700 _aभोळे भास्कर लक्ष्मण
730 _a यशवंतराव चव्हाण राजकारण आणि साहित्य
942 _cBOOK
999 _c138532
_d138532